000 00472nam a2200193 a 4500
001 1758522272630
003 ACL
005 20250922115631.0
008 250922s2009##################000#0#eng##
020 _a9788189741914
082 0 4 _a796
_bRAJ
100 1 _aKumar, Rajesh,
_eauthor.
245 1 0 _aSports, Adventure and Recreational Tourism :
260 _c2009.
300 _a352 pages
650 0 _aAdventure games.
942 _cENGLISH
040 _aACL
_beng
_cACL
999 _c588743
_d588743